Biblioteca ESET

Sherlock Times (Registro nro. 238)

Detalles MARC
000 -CABECERA
fixed length control field 00928nam a22002537a 4500
003 - CONTROL NUMBER IDENTIFIER
control field AR-BeUNQ
005 - FECHA Y HORA DE LA ULTIMA TRANSACCION
control field 20240430152342.0
008 - ELEMENTOS DE LONGITUD FIJA-INFORMACION GENERAL
fixed length control field 220418b |||||||| |||| 00| 0 spa d
020 ## - NUMERO INTERNACIONAL NORMALIZADO PARA LIBROS
Número Internacional Normalizado del libro 9509819862
040 ## - FUENTE DE CATALOGACION
Agencia de catalogación original AR-BeUNQ
Idioma de catalogación ESPAÑOL
Agencia que realiza la transcripción AR-BeUNQ
Convenciones de la descripción aacr
082 ## - NUMERO DE CLASIFICACION DECIMAL DEWEYMBER
Número de la edición 21
Número de clasificación A863
100 01 - ASIENTO PRINCIPAL-NOMBRE PERSONAL
Nombre personal Oesterheld, Hèctor Germàn
Títulos u otras palabras asociadas al nombre aut.
Fecha asociada al nombre 1978
245 01 - MENCION DE TITULO
Título Sherlock Times
Mención de responsabilidad, etc Héctor Germán Oesterheld
Medio físico libro
250 ## - MENCION DE EDICION
Mención de edición 1a.ed.
Resto de la mención de edición 2da.reimpresión
260 ## - PUBLICACION, DISTRIBUCION, ETC.
Lugar de publicación, distribución, etc. Buenos Aires :
Nombre del editor, distribuidor, etc. Colihue,
Fecha de publicación, distribución, etc 2005
300 ## - DESCRIPCION FISICA
Extensión 184 p. :;
Otros detalles físicos il.;
Dimensiones 31 cm.
490 ## - MENCION DE SERIE
Mención de serie Enedé narrativa dibujada.
505 ## - NOTA DE CONTENIDO
Nota de contenido con formato preestablecido Sumario: La gota, EL ídolo, Superaraña; El Uko; El viuda; La trampa; Un cuento; El tranvía, Un crimen, Tres ojos; El sacrificio.
600 ## - ASIENTO SECUNDARIO DE MATERIA - NOMBRE PERSONAL
Nombre personal Breccia, Alberto.
Títulos y otras palabras asociadas con el nombre ilust.
Fechas asociadas con el nombre 1978
650 ## - ASIENTO SECUNDARIO DE MATERIA - TERMINO TEMATICO
Término temático o nombre geográfico como elemento de entrada Narrativa Argentina
Fuente del encabezamiento o términ spines
651 ## - ASIENTO SECUNDARIO DE MATERIA - NOMBRE GEOGRAFICO
Fuente del encabezamiento o término spines
Nombre geográfico Argentina
929 ## - DATOS DE ADQUISICION
Procedencia DONACION
Proveedor Ministerio de Educación de la Nacion
Número de inventario 58923
Patrimonio UNQ PAT0081562
942 ## - ELEMENTOS DE PUNTO DE ACCESO ADICIONAL (KOHA)
Tipo de ítem Koha Libros
Existencias
Estado de retiro Estado de pérdida Ubicación permanente Ubicación actual Ubicación en estantería Fecha de ingreso Total Checkouts Signatura topográfica completa Inventario Date last seen Tipo de ítem Koha
    Biblioteca ESET - UNQ Biblioteca ESET - UNQ CIRCULACION 04/10/2021   A863 / OES 58923 18/04/2022 Libros

ESET UNQ

☏ 4365-7188
 Avenida República de Francia 1714 entre Doctor Kenny y Concordia, Ezpeleta, Bs As.
✉ secretaria_eset@unq.edu.ar

Con tecnología Koha